• 首页
  • 本馆介绍
  • 公告通知
  • 最新文献
  • 馆藏检索
  • 电子资源
  • 读者导购
  • 参考咨询
  • 我的图书馆
  • 登录
  • 详细信息显示
  • 放入我的书架
  • 预约/预借图书
  • 作者相关作品
  • 分类相关作品
  • 丛书相关作品
  • 出版社相关作品

书目信息

  • 表格格式
  • 工作单格式
  • 卡片格式
题名:
基础中医学
    
 
作者: 吕志平 , 赵春妮 主编
分册:  
出版信息: 北京   科学出版社  2006
页数: 350页
开本: 26cm
丛书名:
单 册:
中图分类: R22
科图分类:
主题词: 中医医学基础--医学院校--教材 , 中医医学基础
电子资源:
ISBN: 7-03-017576-X
000 00957nam0 2200265 450
001 012015000544
005 20150914160427.60
010    @a7-03-017576-X@dCNY33.00
100    @a20060618d2006 em y0chiy50 ea
101 0  @achi
102    @aCN@b110000
105    @aa z 000yy
106    @ar
200 1  @a基础中医学@Aji chu zhong yi xue@f吕志平,赵春妮主编
210    @a北京@c科学出版社@d2006
215    @a350页@c图@d26cm
300    @a21世纪高等医药院校教材 供基础、临床、预防、口腔、康复、药学、护理等专业使用
330    @a全书主要论述了中医学理论体系的形成与发展、中医学的主要特点、阴阳五行、藏象、气血津液、经络、病因病机、诊法、辨证、防治原则、中药、方剂、针灸等基本理论与方法。
606 0  @a中医医学基础@x医学院校@j教材
606 0  @a中医医学基础
690    @aR22@v5
701  0 @a吕志平@Alv zhi ping@f(1956.9~)@4主编
701  0 @a赵春妮@Azhao chun ni@c(女,@f1963~)@4主编
801  0 @aCN@b碧洲教育@c20150716
905    @a10447@f3@dR22@e332
    
    基础中医学/吕志平,赵春妮主编.-北京:科学出版社,2006
    350页:图;26cm
    21世纪高等医药院校教材 供基础、临床、预防、口腔、康复、药学、护理等专业使用
    
    ISBN 7-03-017576-X:CNY33.00
    全书主要论述了中医学理论体系的形成与发展、中医学的主要特点、阴阳五行、藏象、气血津液、经络、病因病机、诊法、辨证、防治原则、中药、方剂、针灸等基本理论与方法。
●
相关链接 在E读中查询图书 在五车中查询图书 在当当中查询图书 在豆瓣中查询图书


正题名:基础中医学     索取号:R22/332         预约/预借

序号 登录号 条形码 馆藏地/架位号 状态 备注
1 0848966   208489660   第二样本阅览室/ [索取号:R22/332] 在馆    
2 0848967   208489679   第三借阅区/ [索取号:R22/332] 在馆    
3 0848968   208489688   密集书库-生命科学系/ [索取号:R22/332] 在馆    
唐山师范学院图书馆 欢迎您!
大连网信软件有限公司© 版权所有